000 00902nas a2200289 4500
001 BR9904817
003 BR-BrBNA
005 20231205101607.0
007 ta
008 230509b bl.|||p| |||| 00| 00por d
040 _aBR-BrBNA
_bpor
_cBiblioteca Nacional de Agricultura
041 _a(Pt)
072 _aF01
100 1 _aHoffmann, A.
100 1 _aVoltolini, J.A.
100 1 _aFachinello, J.c.
100 1 _aCasagrande Junior, J.G.
245 1 _aComportamento de mudas de aracazeiro (Psidium cattleyanum Sabine)submetidas a diferentes periodos de permanencia sob sombreamento
650 _aAraca
650 _aMuda
650 _aViveiro
650 _aCondicao Ambiental
650 _aSombreamento
773 0 _tCiencia e Agrotecnologia (Brazil)
_xISSN 1413-7054
_g(Apr-Jun 1998), v. 22(2) p. 242-249
_wBR9904817
909 _a202311
_bLúcia
_c55
_dLúcia Elande
942 _2AGRIS
_n0
_cANA
999 _c162742
_d162742